Mga gunita ng himagsikan / (Record no. 20396)
[ view plain ]
| 000 -LEADER | |
|---|---|
| fixed length control field | 00532nam a2200181 a 4500 |
| 005 - DATE AND TIME OF LATEST TRANSACTION | |
| control field | 20140310183225.0 |
| 008 - FIXED-LENGTH DATA ELEMENTS--GENERAL INFORMATION | |
| fixed length control field | 040424s19uu xx 00 eng d |
| 020 ## - INTERNATIONAL STANDARD BOOK NUMBER | |
| International Standard Book Number | 9719201843 |
| 050 ## - LIBRARY OF CONGRESS CALL NUMBER | |
| Classification number | DS 676 |
| Item number | .Ag37 1998 |
| 100 ## - MAIN ENTRY--PERSONAL NAME | |
| Personal name | Aguinaldo, Emilio |
| 245 ## - TITLE STATEMENT | |
| Title | Mga gunita ng himagsikan / |
| Statement of responsibility, etc | Emilio Aguinaldo |
| 260 ## - PUBLICATION, DISTRIBUTION, ETC. (IMPRINT) | |
| Place of publication, distribution, etc | Manila : |
| Name of publisher, distributor, etc | National Centennial Commission, |
| Date of publication, distribution, etc | 1998. |
| 300 ## - PHYSICAL DESCRIPTION | |
| Extent | 340 p. : |
| Other physical details | ill. ; |
| Dimensions | 22 cm. |
| 650 ## - SUBJECT ADDED ENTRY--TOPICAL TERM | |
| Topical term or geographic name as entry element | Biography |
| General subdivision | Emilio Aguinaldo |
| -- | Philippines. |
| 942 ## - ADDED ENTRY ELEMENTS (KOHA) | |
| Koha item type | Books |
| Source of classification or shelving scheme | Library of Congress Classification |
| Call number prefix | Rare Filipiniana |
| Withdrawn status | Lost status | Source of classification or shelving scheme | Damaged status | Home library | Current library | Shelving location | Date acquired | Source of acquisition | Cost, normal purchase price | Total Checkouts | Full call number | Barcode | Date last seen | Copy number | Price effective from | Koha item type |
|---|---|---|---|---|---|---|---|---|---|---|---|---|---|---|---|---|
| Library of Congress Classification | College Library | College Library | Filipiniana Section | 04/24/2004 | 20.99 | DS 676 .Ag37 1998 | C4324 | 05/08/2018 | 1 | 10/10/2013 | Books | |||||
| Library of Congress Classification | College Library | College Library | Filipiniana Section | 12/16/2013 | DS 676 .Ag37 1998 | C4323 | 05/08/2018 | 2 | 12/16/2013 | Books |